| 000 | 00724nam a2200241 a 4500 | ||
|---|---|---|---|
| 005 | 20230310063613.0 | ||
| 008 | 991125s2005 bar 000 0 spa u | ||
| 020 | _a9707560975 | ||
| 035 | _aUPN01000169735 | ||
| 049 | _aI | ||
| 050 | 4 |
_aPR6037 T6.17 _bL4.2 |
|
| 100 | 1 | _aLefort, Luc | |
| 245 | 1 | 0 |
_aDrácula / _cde Bram Stoker ; adaptación de Luc Lefort ; tr. Pablo Diconca. |
| 260 |
_aNaucalpan, Edo. de Méx. : _bUribe y Ferrari, _c2005. |
||
| 300 |
_a58 p. : _bil. col. |
||
| 440 | 3 | _aLa Aldaba de bronce | |
| 440 | 0 | _aClub de lectores | |
| 534 |
_pTraducción de: _tDracula |
||
| 650 | 4 |
_aNovela inglesa _94471 |
|
| 650 | 4 |
_aVAMPIROS _910177 |
|
| 700 | 1 |
_aStoker, Bram, _d1847-1912 _932438 |
|
| 905 | _aInfantil | ||
| 999 |
_c141841 _d141841 |
||